Il signore delle mosche /

Gespeichert in:
Bibliographische Detailangaben
1. Verfasser: Golding, William (Verfasst von)
Weitere Verfasser: Donini, Filippo (Übersetzung)
Format: Buch
Sprache:Italienisch
Veröffentlicht: Milano : Oscar Mondadori, 1992
Schriftenreihe:Oscar classici moderni ; 53
Tags: Tag hinzufügen
Keine Tags, Fügen Sie das erste Tag hinzu!

MARC

LEADER 00000nam a22000007i 4500
001 IT\ICCU\LIA\0960670
003 ItRI
005 20241230172457.0
008 130515s1992 it |||||| |||||1|||||c
020 |a 9788804492467 (38. rist. 2013) 
040 |b ita  |c Arcigay Rimini 
041 7 |a ita  |2 ISO-639-2 
082 |a 823.9  |2 18 
100 1 |a Golding, William  |0 IT\ICCU\CFIV\035830  |4 aut 
240 1 0 |a Lord of the flies  |9 Golding, William 
245 1 3 |a Il signore delle mosche /  |c William Golding ; traduzione di Filippo Donini. 
260 |a Milano :  |b Oscar Mondadori,  |c 1992 
300 |a XIII, 202 p. ;  |c 20 cm. 
700 1 |a Donini, Filippo  |0 IT\ICCU\CFIV\043350  |4 trl 
752 |a it   |d Milano 
830 0 |a Oscar classici moderni ;  |v 53  |0 IT\ICCU\CFI\0130259 
942 |2 ddc  |c BK 
952 |0 0  |1 0  |2 ddc  |4 0  |6 823_900000000000000_GOL_WIL  |7 1  |9 2552  |a RN  |b RN  |d 2024-12-30  |l 0  |o 823.9 GOL WIL   |p 9996  |r 2024-12-30 17:25:19  |w 2024-12-30  |y BK 
981 1 |6 z01  |a i   |b xxxe  
982 1 |6 z01  |a n 
999 |c 2216  |d 2216